<?xml version="1.0" encoding="UTF-8"?>
<record
    xmlns:xsi="http://www.w3.org/2001/XMLSchema-instance"
    xsi:schemaLocation="http://www.loc.gov/MARC21/slim http://www.loc.gov/standards/marcxml/schema/MARC21slim.xsd"
    xmlns="http://www.loc.gov/MARC21/slim">

  <leader>03429nam a2200445 i 4500</leader>
  <controlfield tag="001">000047561</controlfield>
  <controlfield tag="003">DO-SdBNP</controlfield>
  <controlfield tag="005">20260209102914.0</controlfield>
  <controlfield tag="007">ta</controlfield>
  <controlfield tag="008">150206s2017    dr ac   r     000 0 spa d</controlfield>
  <datafield tag="020" ind1=" " ind2=" ">
    <subfield code="a">9789945443622 (serie)</subfield>
  </datafield>
  <datafield tag="020" ind1=" " ind2=" ">
    <subfield code="a">9789945582574 (v. 244)</subfield>
  </datafield>
  <datafield tag="040" ind1=" " ind2=" ">
    <subfield code="a">DO-SdBNP</subfield>
    <subfield code="b">spa</subfield>
    <subfield code="c">BNPHU</subfield>
    <subfield code="e">rda</subfield>
  </datafield>
  <datafield tag="041" ind1=" " ind2=" ">
    <subfield code="a">spa</subfield>
  </datafield>
  <datafield tag="082" ind1=" " ind2="4">
    <subfield code="a">RD860.8</subfield>
    <subfield code="b">C744o 2016</subfield>
    <subfield code="2">22</subfield>
  </datafield>
  <datafield tag="111" ind1="2" ind2=" ">
    <subfield code="a">Concurso de Arte y Literatura Bancentral</subfield>
    <subfield code="n">(20 :</subfield>
    <subfield code="d">2016 :</subfield>
    <subfield code="c">Santo Domingo, Rep&#xFA;blica Dominicana)</subfield>
    <subfield code="9">75208</subfield>
  </datafield>
  <datafield tag="245" ind1="1" ind2="0">
    <subfield code="a">Obras premiadas del vig&#xE9;simo concurso de arte y literatura Bancentral 2016 /</subfield>
    <subfield code="c">presentaci&#xF3;n, H&#xE9;ctor Valdez Albizu.</subfield>
  </datafield>
  <datafield tag="264" ind1=" " ind2="1">
    <subfield code="a">Santo Domingo :</subfield>
    <subfield code="b">Banco Central de la Rep&#xFA;blica Dominicana</subfield>
    <subfield code="c">2017.</subfield>
  </datafield>
  <datafield tag="300" ind1=" " ind2=" ">
    <subfield code="a">151 p&#xE1;ginas :</subfield>
    <subfield code="b">ilustraciones, retratos ;</subfield>
    <subfield code="c">24 cm.</subfield>
  </datafield>
  <datafield tag="336" ind1=" " ind2=" ">
    <subfield code="a">texto</subfield>
    <subfield code="b">txt</subfield>
    <subfield code="2">rdacontent</subfield>
  </datafield>
  <datafield tag="337" ind1=" " ind2=" ">
    <subfield code="a">sin mediaci&#xF3;n</subfield>
    <subfield code="b">n</subfield>
    <subfield code="2">rdamedia</subfield>
  </datafield>
  <datafield tag="338" ind1=" " ind2=" ">
    <subfield code="a">volumen</subfield>
    <subfield code="b">nc</subfield>
    <subfield code="2">rdacarrier</subfield>
  </datafield>
  <datafield tag="490" ind1="1" ind2=" ">
    <subfield code="a">Banco Central de la Rep&#xFA;blica Dominicana ;</subfield>
    <subfield code="v">244 </subfield>
  </datafield>
  <datafield tag="490" ind1="1" ind2=" ">
    <subfield code="a">Obras premiadas </subfield>
    <subfield code="v">20 </subfield>
  </datafield>
  <datafield tag="505" ind1="0" ind2=" ">
    <subfield code="a">Presentaci&#xF3;n --</subfield>
    <subfield code="t">Introducci&#xF3;n --</subfield>
    <subfield code="g">Primer premio --</subfield>
    <subfield code="t">El aniversario /</subfield>
    <subfield code="r">Wilson Batista Mesa --</subfield>
    <subfield code="g">Segundo premio --</subfield>
    <subfield code="t">Sin premiditaci&#xF3;n y con sa&#xF1;a /</subfield>
    <subfield code="r">Narda Cecilia Mariz&#xE1;n M&#xE9;ndez --</subfield>
    <subfield code="g">Tercer premio --</subfield>
    <subfield code="t">El estudio es sagrado /</subfield>
    <subfield code="r">Juan Pablo Reyes --</subfield>
    <subfield code="g">Menci&#xF3;n de honor --</subfield>
    <subfield code="t">Elsa la loca /</subfield>
    <subfield code="r">Amarilis Cueto Cabrera --</subfield>
    <subfield code="g">Menci&#xF3;n de honor --</subfield>
    <subfield code="t">Tres d&#xED;as antes de mi muerte /</subfield>
    <subfield code="r">Domingo Marte --</subfield>
    <subfield code="g">Menci&#xF3;n de honor --</subfield>
    <subfield code="t">Amor imposible /</subfield>
    <subfield code="r">Hemingway M&#xE1;ximo F&#xE9;liz B&#xE1;ez --</subfield>
  </datafield>
  <datafield tag="505" ind1="0" ind2=" ">
    <subfield code="a">Pintura --</subfield>
    <subfield code="g">Primer premio --</subfield>
    <subfield code="t">Don Cedo, experiencia de un siglo /</subfield>
    <subfield code="r">Rafael El&#xED;as Fern&#xE1;ndez Garc&#xED;a --</subfield>
    <subfield code="g">Segundo premio --</subfield>
    <subfield code="t">Saco e papa/</subfield>
    <subfield code="r">Rafael El&#xED;as Fern&#xE1;ndez Garc&#xED;a --</subfield>
    <subfield code="g">Tercer premio --</subfield>
    <subfield code="t">Pasi&#xF3;n por las artes /</subfield>
    <subfield code="r">Manuel A. Concepci&#xF3;n --</subfield>
    <subfield code="g">Menci&#xF3;n de honor --</subfield>
    <subfield code="t">Manglares /</subfield>
    <subfield code="r">Hilda Andre&#xED;na Santos de Rosario --</subfield>
    <subfield code="g">Menci&#xF3;n de honor --</subfield>
    <subfield code="t">Ojo e&#xB4; pecao /</subfield>
    <subfield code="r">Juan P&#xE9;rez Hern&#xE1;ndez.</subfield>
  </datafield>
  <datafield tag="505" ind1="0" ind2=" ">
    <subfield code="a">Dibujo --</subfield>
    <subfield code="g">Primer premio --</subfield>
    <subfield code="t">Bah&#xED;a de las &#xE1;guilas/</subfield>
    <subfield code="r">Hilda Andreina Santos de Rosario --</subfield>
    <subfield code="g">Segundo premio --</subfield>
    <subfield code="t">Su majestad: la orqu&#xED;dea /</subfield>
    <subfield code="r">Hilda Andreina Santos de Rosario --</subfield>
    <subfield code="g">Tercer premio --</subfield>
    <subfield code="t">Aroma de seducci&#xF3;n /</subfield>
    <subfield code="r">Rut Mabel Herrera Ruiz --</subfield>
    <subfield code="g">Menci&#xF3;n de honor --</subfield>
    <subfield code="t">Frutos del conocimiento /</subfield>
    <subfield code="r">Juan P&#xE9;rez Hern&#xE1;ndez .</subfield>
  </datafield>
  <datafield tag="505" ind1="0" ind2=" ">
    <subfield code="a">Fotograf&#xED;a --</subfield>
    <subfield code="g">Primer premio --</subfield>
    <subfield code="t">Siglo XXI --</subfield>
    <subfield code="r">Amarilis Cueto Cabrera /</subfield>
    <subfield code="g">Segundo premio --</subfield>
    <subfield code="t">Liberaci&#xF3;n /</subfield>
    <subfield code="r">Melvin Mieses Fr&#xED;as Coplin --</subfield>
    <subfield code="g">Tercer premio --</subfield>
    <subfield code="t">Acrobacia art&#xED;stica/</subfield>
    <subfield code="r">Domingo Marte --</subfield>
    <subfield code="g">Menci&#xF3;n de honor --</subfield>
    <subfield code="t">Recogedor de ca&#xF1;a I /</subfield>
    <subfield code="r">Luisa F. Medina de Fr&#xED;as --</subfield>
    <subfield code="g">Menci&#xF3;n de honor --</subfield>
    <subfield code="t">Espejito, espejito... /</subfield>
    <subfield code="r">Paola Mar&#xED;a Tav&#xE1;rez Ramia /</subfield>
    <subfield code="g">Menci&#xF3;n de honor --</subfield>
    <subfield code="t">Gotas de alegr&#xED;a /</subfield>
    <subfield code="r">Rut Mabel Herrera Ruiz.</subfield>
  </datafield>
  <datafield tag="505" ind1="0" ind2=" ">
    <subfield code="a">Ganadores del concurso de Arte y Literatura Bancentral (1995-2015) --</subfield>
    <subfield code="t">Miembros del jurado del concurso de Arte y Literatura Bancentral (1995-2016) --</subfield>
    <subfield code="t">Colecci&#xF3;n bibliograf&#xED;ca del Banco Central de la Rep&#xFA;blica Dominicana /</subfield>
  </datafield>
  <datafield tag="590" ind1=" " ind2=" ">
    <subfield code="a">Inventariado, 2018/YL</subfield>
  </datafield>
  <datafield tag="650" ind1=" " ind2="4">
    <subfield code="a">Cuentos dominicanos</subfield>
    <subfield code="y">Siglo XXI</subfield>
    <subfield code="9">43522</subfield>
  </datafield>
  <datafield tag="650" ind1=" " ind2="4">
    <subfield code="a">Cert&#xE1;menes literarios</subfield>
    <subfield code="y">Siglo XXI</subfield>
    <subfield code="9">43523</subfield>
  </datafield>
  <datafield tag="650" ind1=" " ind2="0">
    <subfield code="a">Literatura dominicana </subfield>
    <subfield code="y">Siglo XXI</subfield>
    <subfield code="9">43524</subfield>
  </datafield>
  <datafield tag="650" ind1=" " ind2="4">
    <subfield code="a">Premios literarios</subfield>
    <subfield code="y">Siglo XXI</subfield>
    <subfield code="9">43525</subfield>
  </datafield>
  <datafield tag="650" ind1=" " ind2="4">
    <subfield code="a">Arte y literatura</subfield>
    <subfield code="y">Siglo XXI</subfield>
    <subfield code="9">75187</subfield>
  </datafield>
  <datafield tag="700" ind1="1" ind2=" ">
    <subfield code="a">Valdez Albizu, H&#xE9;ctor,</subfield>
    <subfield code="d">1947-</subfield>
    <subfield code="e">presentaci&#xF3;n</subfield>
    <subfield code="9">12322</subfield>
  </datafield>
  <datafield tag="830" ind1=" " ind2="0">
    <subfield code="a">Banco Central de la Rep&#xFA;blica Dominicana</subfield>
    <subfield code="v">244</subfield>
    <subfield code="p">Obras premiadas</subfield>
    <subfield code="n">20</subfield>
    <subfield code="9">75209</subfield>
  </datafield>
  <datafield tag="910" ind1=" " ind2=" ">
    <subfield code="a">Validado. Control de calidad MFF</subfield>
  </datafield>
  <datafield tag="942" ind1=" " ind2=" ">
    <subfield code="2">ddc</subfield>
    <subfield code="c">LBS1</subfield>
  </datafield>
  <datafield tag="952" ind1=" " ind2=" ">
    <subfield code="0">0</subfield>
    <subfield code="1">0</subfield>
    <subfield code="2">ddc</subfield>
    <subfield code="5">1</subfield>
    <subfield code="7">0</subfield>
    <subfield code="8">PD</subfield>
    <subfield code="a">BNPHU</subfield>
    <subfield code="b">BNPHU</subfield>
    <subfield code="c">HD</subfield>
    <subfield code="d">2018-06-27</subfield>
    <subfield code="l">0</subfield>
    <subfield code="o">BNPHU PD RD860.8 C744o 2016</subfield>
    <subfield code="p">47561-10</subfield>
    <subfield code="r">2020-06-25</subfield>
    <subfield code="w">2020-06-25</subfield>
    <subfield code="y">LBS1</subfield>
    <subfield code="Z">No se presta</subfield>
  </datafield>
  <datafield tag="952" ind1=" " ind2=" ">
    <subfield code="0">0</subfield>
    <subfield code="1">0</subfield>
    <subfield code="2">ddc</subfield>
    <subfield code="5">1</subfield>
    <subfield code="7">0</subfield>
    <subfield code="8">PD</subfield>
    <subfield code="a">BNPHU</subfield>
    <subfield code="b">BNPHU</subfield>
    <subfield code="c">HD</subfield>
    <subfield code="d">2018-06-27</subfield>
    <subfield code="l">0</subfield>
    <subfield code="o">BNPHU PD RD860.8 C744o 2016</subfield>
    <subfield code="p">47561-20</subfield>
    <subfield code="r">2020-06-25</subfield>
    <subfield code="t">e. 2</subfield>
    <subfield code="w">2020-06-25</subfield>
    <subfield code="y">LBS1</subfield>
    <subfield code="Z">No se presta</subfield>
  </datafield>
  <datafield tag="952" ind1=" " ind2=" ">
    <subfield code="0">0</subfield>
    <subfield code="1">0</subfield>
    <subfield code="2">ddc</subfield>
    <subfield code="5">6</subfield>
    <subfield code="7">0</subfield>
    <subfield code="8">DS</subfield>
    <subfield code="a">BNPHU</subfield>
    <subfield code="b">BNPHU</subfield>
    <subfield code="c">HD</subfield>
    <subfield code="d">2019-05-22</subfield>
    <subfield code="l">0</subfield>
    <subfield code="o">BNPHU DS RD860.8 C744o 2016</subfield>
    <subfield code="p">47561-30</subfield>
    <subfield code="r">2020-06-25</subfield>
    <subfield code="t">e. 3</subfield>
    <subfield code="w">2020-06-25</subfield>
    <subfield code="y">LBS1</subfield>
    <subfield code="Z">Pr&#xE9;stamo en sala</subfield>
  </datafield>
  <datafield tag="952" ind1=" " ind2=" ">
    <subfield code="0">0</subfield>
    <subfield code="1">0</subfield>
    <subfield code="2">ddc</subfield>
    <subfield code="5">6</subfield>
    <subfield code="7">0</subfield>
    <subfield code="8">DS</subfield>
    <subfield code="a">BNPHU</subfield>
    <subfield code="b">BNPHU</subfield>
    <subfield code="c">HD</subfield>
    <subfield code="d">2023-12-01</subfield>
    <subfield code="e">Donaci&#xF3;n</subfield>
    <subfield code="l">0</subfield>
    <subfield code="o">BNPHU DS RD860.8 C744o 2016</subfield>
    <subfield code="p">2023-8187</subfield>
    <subfield code="r">2023-12-01</subfield>
    <subfield code="t">e.4</subfield>
    <subfield code="w">2023-12-01</subfield>
    <subfield code="y">LBS1</subfield>
  </datafield>
  <datafield tag="999" ind1=" " ind2=" ">
    <subfield code="c">47049</subfield>
    <subfield code="d">47049</subfield>
  </datafield>
</record>
